Súčasné postavenie krajín BRICS vo svetovom hospodárstve bakalárska práca

Saved in:
Bibliographic Details
Main Author: Kulacs, Enikö
Corporate Author: Fakulta medzinárodných vzťahov EU. Katedra medzinárodných ekonomických vzťahov a hospodárskej diplomacie
Other Authors: Dudáš, Tomáš, 1976-
Format: Book
Language:Slovak
Published: Bratislava 2018
Tags: Add Tag
No Tags, Be the first to tag this record!

MARC

LEADER 00000nbm a2200000 4500
001 0244532
005 20180810102949.1
041 0 |a slo 
044 |a SK 
245 1 0 |a Súčasné postavenie krajín BRICS vo svetovom hospodárstve  |b bakalárska práca  |c Enikö Kulacs ; školiteľ: Tomáš Dudáš 
264 1 |a Bratislava  |c 2018 
300 |a 55 s. 
100 1 |a Kulacs, Enikö 
700 1 |a Dudáš, Tomáš, 1976- 
710 2 |a Fakulta medzinárodných vzťahov EU. Katedra medzinárodných ekonomických vzťahov a hospodárskej diplomacie